000 00396nam a2200157Ia 4500
008 160316s2000 xxu||||| |||| 00| 0 eng d
082 _a333.720000
_bCHI
100 _aChinnappa K. Jeevan
245 _aSteps to prevent fire in Nagarahole national park
250 _a
260 _a
_bHindu
_c2000
300 _a1
_b
_c
365 _b
650 _a1. Natinal park - conservation
700 _a
_a
999 _c41272
_d41272